=LDR 00000nam 2200000 4500 =001 INLIS000000000029749 =005 20130612131945 =008 ***********************************ind** =035 ##$$0010-061300000029749 =041 ##$$a ind =082 ##$$a 595.78 =090 ##$$a 595.78, WHA k =100 ##$$a Whalley, Paul =245 ##$$a Kupu-kupu dan Ngengat, Paul Whalley; penerjemah, Sukasah Syahdan =250 ##$$a Seri Eyewitness =260 ##$$a 1992 $b Jakarta =300 ##$$a 64 hlm., ilus., 28 cm =650 ##$$a Serangga =850 ##$$a NBPNMAT